Tablet Making (Record no. 2991)

MARC details
000 -LEADER
fixed length control field 00338nam a22001457a 4500
008 - FIXED-LENGTH DATA ELEMENTS--GENERAL INFORMATION
fixed length control field 250414b |||||||| |||| 00| 0 eng d
100 ## - MAIN ENTRY--AUTHOR
Author Little Arthur
245 ## - TITLE STATEMENT
Title Tablet Making
250 ## - EDITION STATEMENT
Edition statement 3rd
260 ## - PUBLICATION, DISTRIBUTION, ETC. (IMPRINT)
Place of publication Liver Pool
Name of publisher Manesty Machine Ltd
Date of publication 1980
300 ## - COLLATION
Pagination 155p
650 ## - TRACINGS
Main Subject Tablet Making
942 ## - ADDED ENTRY ELEMENTS (KOHA)
Item type Books
050 ## - LIBRARY OF CONGRESS CALL NUMBER
Classification number RS192
Item number .L58
Holdings
Source of classification or shelving scheme Not for loan Permanent location Current location Date acquired Accession No. Full call number Barcode. Koha item type
Library of Congress Classification   Medical Library Medical Library 04/14/2025 2024/63021 RS192.L58 2025-1357 Books